| 000 -LEADER |
| fixed length control field |
01575nam a22002537a 4500 |
| 005 - DATE AND TIME OF LATEST TRANSACTION |
| control field |
20230110111714.0 |
| 008 - FIXED-LENGTH DATA ELEMENTS--GENERAL INFORMATION |
| fixed length control field |
230110b ||||| |||| 00| 0 eng d |
| 020 ## - INTERNATIONAL STANDARD BOOK NUMBER |
| International Standard Book Number |
9781529008630 |
| 040 ## - CATALOGING SOURCE |
| Transcribing agency |
KH8 |
| 082 ## - DEWEY DECIMAL CLASSIFICATION NUMBER |
| Classification number |
FIC ROW |
| 100 ## - MAIN ENTRY--PERSONAL NAME |
| Personal name |
Rowell, Rainbow |
| Relator term |
Author |
| 245 ## - TITLE STATEMENT |
| Title |
Pumpkinheads: |
| Remainder of title |
a graphic novel/ |
| Statement of responsibility, etc. |
Rainbow Rowell |
| 260 ## - PUBLICATION, DISTRIBUTION, ETC. |
| Place of publication, distribution, etc. |
London: |
| Name of publisher, distributor, etc. |
Macmillan Children's Books, an imprint of Pan Macmillan, |
| Date of publication, distribution, etc. |
2019. |
| 300 ## - PHYSICAL DESCRIPTION |
| Extent |
209 pages : |
| Other physical details |
chiefly color illustrations, color maps ; |
| Dimensions |
22 cm. |
| 520 ## - SUMMARY, ETC. |
| Summary, etc. |
"Deja and Josiah are seasonal best friends. Every autumn, all through high school, they've worked together at the world's best pumpkin patch. They say good-bye every Halloween, and they're reunited every September 1. But this Halloween is different. Josiah and Deja are finally seniors. It's their last season at the Patch, their last shift together--their last good-bye. Josie's ready to spend the whole night feeling melancholy about it. (He's the melancholy type.) But Deja has a plan: What if, instead of moping and instead of the usual--slinging lima beans down at the Succotash Hut--they went out with a bang? They could see all the sights! Taste all the snacks! Maybe Josie could even talk to that cute girl he's been mooning over for three years ... What if their last shift was an adventure?" |
| 650 ## - SUBJECT ADDED ENTRY--TOPICAL TERM |
| Topical term or geographic name entry element |
Graphic novels |
| 650 ## - SUBJECT ADDED ENTRY--TOPICAL TERM |
| Topical term or geographic name entry element |
Halloween |
| 650 ## - SUBJECT ADDED ENTRY--TOPICAL TERM |
| Topical term or geographic name entry element |
Harvest festivals |
| 650 ## - SUBJECT ADDED ENTRY--TOPICAL TERM |
| Topical term or geographic name entry element |
Romance fiction |
| 650 ## - SUBJECT ADDED ENTRY--TOPICAL TERM |
| Topical term or geographic name entry element |
Young adult fiction |
| 700 ## - ADDED ENTRY--PERSONAL NAME |
| Personal name |
Erin Hicks, Faith |
| Relator term |
Illustrator |
| 700 ## - ADDED ENTRY--PERSONAL NAME |
| Personal name |
Stern, Sarah |
| Relator term |
Colorist |
| 942 ## - ADDED ENTRY ELEMENTS (KOHA) |
| Source of classification or shelving scheme |
|
| Koha item type |
Graphic Novel |